000 00737cam a2200205 a 4500
001 000018097
005 20200929165343.0
008 720614s1930 ctua 000 0 eng d
040 _aDO-SdBNP
_beng
_cLC
_dBNPHU
050 0 0 _aE120
_b.C62
082 _ann*
_bC615b
100 1 _aClaudel, Paul,
_d1868-1955.
_96174
245 1 4 _aThe book of Christopher Columbus :
_ba lyrical drama in two parts /
_cPaul Claudel ; decoración Jean Charlot.
260 _aNew Haven :
_bYale university press;
_aLondon :
_bH. Milford, Oxford university press,
_c1930.
300 _a57 p. :
_bil. ;
_c29 cm.
600 1 0 _aColumbus, Christopher
_vDrama.
_939231
700 1 _aCharlot, Jean,
_eill.
_939232
910 _aCatalogación por copia / LC
049 _aBNGR
999 _c17619
_d17619